000 00558nam a2200181 4500
001 144950
003 ES-MaACL
005 20230906201131.0
007 t|
008 070214s1965 sp r ||||1| spa d
080 _a595.7-15
100 1 _aSimón, Jesús.
_9106517
245 1 0 _aDios a la vista
_b: maravillas del instinto de los insectos /
_cJesús Simón.
260 _aBilbao :
_bEl Mensajero del Corazón de Jesús,
_c1965.
300 _a258 p. :
_bil. ;
_c21 cm.
650 4 _aInsectos-
_xEcología.
_9144159
852 _aES-MaACL
_jC-29377
_bR.59746
999 _c144950
_d144950